LEADER 00996nam a2200265 i 4500 001 991001264149707536 008 s1951 it 000 0 ita d 020 $a882220705X 035 $ab13345990-39ule_inst 040 $aDip. SSC$bita 100 1 $aOrsini, Luigi$037907 245 10$aCommemorazioni :$bArrigo Boito/$cdi luigi Orsini. Francesco Cilea / di E. A. Mario 260 $aSiena :$bTicci,$c1951 300 $a50 p. ;$c24 cm 440 0$aQuaderni dell'Accademia Chigiana ;$v25 500 $aEdizione di 300 esemplari numerati. Esemplare n. 204 650 4$aBoito, Arrigo$xCommemorazioni 650 4$aCilea, Francesco$xCommemorazioni 700 1 $aMario, E. A. 907 $a.b13345990$b21-09-06$c18-10-05 912 $a991001264149707536 945 $aLE021 LETTDRAM18aC21$g1$i2021000124099+$lle021$nColuccia$o-$pE0.00$q-$rl$s- $t0$u0$v0$w0$x0$y.i1413732x$z18-10-05 996 $aCommemorazioni$91092455 997 $aUNISALENTO 998 $ale021$b18-10-05$cm$d- $e-$fita$git $h0$i0 LEADER 01875nam 2200445 a 450 001 9910701210203321 005 20120403153456.0 035 $a(CKB)5470000002416960 035 $a(OCoLC)783309899 035 $a(EXLCZ)995470000002416960 100 $a20120403d2011 ua 0 101 0 $aeng 135 $aurmn||||a|||| 181 $ctxt$2rdacontent 182 $cc$2rdamedia 183 $acr$2rdacarrier 200 10$aFWD calibration center and operational improvements$b[electronic resource] $eredevelopment of the calibration protocol and equipment /$f[Lynne H. Irwin, David P. Orr, and Daniel Atkins] 210 1$aMcLean, Va. :$cU.S. Dept. of Transportation, Federal Highway Administration, Turner-Fairbank Highway Research Center, Research, Development and Technology,$d[2011] 215 $a1 online resource (xiii, 254 pages) $ccolor illustrations, color map 300 $a"October 2011." 300 $a"Publication no. FHWA-HRT-07-040." 300 $a"HRDI-30/10-11(500)E." 300 $aTitle from title screen (viewed on April 3, 2012). 320 $aIncludes bibliographical references (pages 253-254). 517 $aFWD calibration center and operational improvements 606 $aPavements$xTesting$xInstruments$xCalibration 606 $aPavements$xLive loads$xTesting 615 0$aPavements$xTesting$xInstruments$xCalibration. 615 0$aPavements$xLive loads$xTesting. 700 $aIrwin$b Lynne H$01398913 701 $aOrr$b David P$01398914 701 $aAtkins$b Daniel$01398915 712 02$aUnited States.$bFederal Highway Administration.$bOffice of Research, Development, and Technology. 712 02$aCornell Local Roads Program. 801 0$bGPO 801 1$bGPO 906 $aBOOK 912 $a9910701210203321 996 $aFWD calibration center and operational improvements$93463237 997 $aUNINA